000
00308nam a22001337a 4500
020
_a
8171513182
082
_a
297.4 SIN
100
_a
Singh, N.K.
245
_a
Sufism of India Pakistan and Bangladesh Vol-III
260
_a
New Delhi
_b
Kitab Bhavan
_c
2002
300
_a
264
650
_a
sufism
942
_c
BK
999
_c
20118
_d
20118